000
00228 a2200109 4500
001
38587
090
_c
24459
_d
24459
100
_a
Gupta R.B
245
_a
Machine design, 5/e
250
_a
5
260
_a
New Delhi
_b
Satya Prakashan
_c
1991
942
_a
NUST-CAE
999
_c
273660
_d
273660